Mistrzostwa świata w piłce nożnej 2030 - Statystyki

Ogólne statystyki
  • Ten quiz został rozwiązany 16 razy
  • Średni wynik to 4 z 6
Statystyki odpowiedzi
Reprezentacja % Poprawnych
Hiszpania
88%
Argentyna
81%
Portugalia
75%
Maroko
69%
Urugwaj
69%
Paragwaj
63%
Nie znaleziono quizów pasujących do podanych kryteriów
Rozkład punktacji
Procent ludzi z każdym wynikiem
Percentyl według liczby udzielonych odpowiedzi
Twoja historia wyników
Nie rozwiązałeś tego quizu